000
00213 a2200097 4500
001
46669
100
_a
Hart B
245
_a
The world and the pen
260
_a
New York
_b
Thomas Crowell
_c
090
_c
29768
_d
29768
942
_a
NUST-CAE
_c
M
_c
21966
999
_c
281742
_d
281742